| 000 | 00373nam a2200169Ia 4500 | ||
|---|---|---|---|
| 008 | 210210b1967 xxu||||| |||| 00| 0 eng d | ||
| 041 | _aeng | ||
| 082 | _a828/757 | ||
| 100 | _aNARASIMHA (V K) | ||
| 245 | _aKamaraj a study | ||
| 260 |
_aBombay _bManaktalas., _c1967 |
||
| 650 | _astudy | ||
| 650 | _aKamaraj | ||
| 650 | _aa | ||
| 690 | _aBiography | ||
| 906 | _a016601 | ||
| 999 |
_c136211 _d136211 |
||